01051cam a22002531 45000010005000000030008000050050017000130080039000300350018000690350018000870400036001050410008001410820022001491000020001712450132001912600050003233000045003735000116004185040069005346500036006037000049006397000045006887100064007339171BD-RjUL20211208234729.0140120s1955 enkah b 001 0 eng a(BD-RjUL)9216 a(OCoLC)538673 aDLCcODaWUdOCoLCdBD-RjULbeng aeng00a520.902bPRE 19551 aPrice, Derek J.14aThe equatorie of the planetis /cedited from Peterhouse ms. 75.I by Derek J. Price. With a linguistic analysis by R. M. Wilson. aCambridge :bAt the University Press,cc1955. axv, 214 p. :billus., facsims. ;c29 cm. aAscribed by the editor to Geoffrey Chaucer; generally ascribed heretofore to Simon Bredon. Cf. p. 154-155, 164. aBibliographical footnotes. "Index of manuscripts cited": p. 214. 0aAstronomyvEarly works to 1800.1 aChaucer, Geoffrey,d-1400,esupposed author.1 aBredon, Simon,d-1372,esupposed author.2 aPeterhouse (University of Cambridge).bLibrary.kMss.(75.I)